All XXL Freshman Rappers (2007-2019) - Statistics

General Stats
  • This quiz has been taken 2,645 times
    2,182 since last reset
  • The average score is 23 of 123
Answer Stats
Answer % Correct
Lil Uzi Vert
80%
21 Savage
74%
XXXTentacion
70%
Lil Yachty
67%
Kodak Black
66%
Denzel Curry
63%
DaBaby
60%
Lil Mosey
54%
Kendrick Lamar
50%
Lil Pump
50%
Megan Thee Stallion
47%
Travi$ Scott
47%
Lil B
45%
Lil Dicky
45%
Ski Mask The Slump God
45%
Playboi Carti
43%
J. Cole
40%
Blu
39%
Blueface
37%
J.I.D.
36%
Desiigner
33%
Smokepurpp
33%
Future
32%
YBN Cordae
32%
Chance The Rapper
31%
Gunna
31%
Roddy Ricch
31%
Ugly God
31%
Anderson Paak
30%
Rico Nasty
29%
Mac Miller
28%
Trippie Redd
27%
Logic
26%
YK Osiris
25%
Lil Durk
24%
YBN Nahmir
24%
Kyle
22%
MadeinTYO
22%
G Herbo
21%
A Boogie wit da Hoodie
20%
Aminé
19%
Comethazine
19%
Machine Gun Kelly
19%
Joey Bada$$
18%
Blocboy JB
17%
Dave East
17%
Iggy Azalea
17%
Schoolboy Q
17%
Big Sean
16%
Meek Mill
16%
PnB Rock
16%
Tierra Whack
16%
Ab-Soul
15%
Fetty Wap
15%
Hopsin
15%
Kevin Gates
15%
Kid Cudi
15%
Wiz Khalifa
15%
Action Bronson
14%
YG
14%
Macklemore
13%
Ty Dolla $ign
13%
Wifisfuneral
13%
Jay Rock
12%
Stefflon Don
12%
Vince Staples
12%
Danny Brown
11%
Nipsey Hussle
11%
Big K.R.I.T.
9%
Kap G
9%
Rich Homie Quan
9%
Vic Mensa
9%
Yelawolf
9%
B.o.B
8%
Kid Ink
8%
Lil Bibby
8%
Lupe Fiasco
8%
Wale
8%
Dej Loaf
7%
Freddie Gibbs
7%
French Montana
7%
Isaiah Rashad
7%
Lil Twist
7%
Ace Hood
6%
Angel Haze
6%
August Alsina
6%
Diggy Simmons
6%
GoldLink
6%
Kamaiyah
6%
Lil Boosie
6%
OJ da Juiceman
6%
Trinidad James
6%
Dizzy Wright
5%
Jon Connor
5%
Kidd Kidd
5%
OG Maco
5%
Pill
5%
Plies
5%
Roscoe Dash
5%
Tink
5%
Asher Roth
4%
Cory Gunz
4%
Crooked I
4%
Fred the Godson
4%
K Camp
4%
Kirko Bangz
4%
Raury
4%
Rich Boy
4%
Troy Ave
4%
Young Dro
4%
Curren$y
3%
Cyhi the Prynce
3%
Don Trip
3%
Mickey Factz
3%
Papoose
3%
Saigon
3%
Shy Glizzy
3%
Charles Hamilton
2%
Donnis
2%
Fashawn
2%
Gorilla Zoe
2%
Jarren Benton
2%
Joell Ortiz
2%
No matching quizzes found
Score Distribution
Percent of People with Each Score
Percentile by Number Answered
Your Score History
You have not taken this quiz since the last reset